Jack Harlow Charting Songs (Billboard Hot 100) - Statistics

General Stats
  • This quiz has been taken 177 times
    12 since last reset
  • The average score is 10 of 23
Answer Stats
Album Weeks On Peak Artist(s) Song % Correct
Sweet Action and That's What They All Say 51 Weeks #2 Jack Harlow ft. DaBaby, Tory Lanez & Lil Wayne WHATS POPPIN
100%
Come Home the Kids Miss You 4 Weeks #21 Jack Harlow Dua Lipa
88%
Come Home the Kids Miss You 28 Weeks #1 (3 Weeks) Jack Harlow First Class
88%
MONTERO 42 Weeks #1 (1 Week) Lil Nas X & Jack Harlow INDUSTRY BABY
88%
Golden 9 Weeks #5 Jungkook ft. Jack Harlow 3D
63%
Non-Album Single 1 Week #57 Jack Harlow ft. Doja Cat Just Us
63%
Come Home the Kids Miss You 2 Weeks #23 Jack Harlow ft. Drake Churchill Downs
50%
Non-Album Single 38 Weeks #1 (7 Weeks) Jack Harlow Lovin On Me
50%
Come Home the Kids Miss You 12 Weeks #18 Jack Harlow Nail Tech
50%
Come Home the Kids Miss You 1 Week #99 Jack Harlow ft. Lil Wayne Poison
50%
Come Home the Kids Miss You 1 Week #88 Jack Harlow I'd Do Anything To Make You Smile
38%
Music to Be Murdered By: Side B 1 Week #62 Eminem ft. Jack Harlow & Cordae Killer
38%
That's What They All Say 20 Weeks #34 Jack Harlow Tyler Herro
38%
That's What They All Say 4 Weeks #74 Jack Harlow ft. Big Sean Way Out
38%
Come Home the Kids Miss You 1 Week #97 Jack Harlow Young Harleezy
38%
Non-Album Single 2 Weeks #67 Jack Harlow & Pooh Shiesty SUVs (BLACK ON BLACK)
25%
Jackman 1 Week #54 Jack Harlow They Don't Love It
25%
Monica 1 Week #91 Jack Harlow Trade Places
25%
Beautiful Mind 2 Weeks #35 Rod Wave ft. Jack Harlow Yungen
25%
I Never Felt Nun 1 Week #98 EST Gee ft. Jack Harlow Backstage Passes
13%
Jackman 1 Week #96 Jack Harlow Common Ground
13%
Non-Album Single 1 Week #82 Jack Harlow Hello Ms. Johnson
13%
Breezy 1 Week #78 Chris Brown ft. Jack Harlow Psychic
13%
No matching quizzes found
Score Distribution
Percent of People with Each Score
Percentile by Number Answered
Your Score History
You have not taken this quiz since the last reset